[Event "DM 2026 G7 B"]
[Site "Svendborg"]
[Date "2026.03.31"]
[Round "1.11"]
[White "Kokholm, Daniel"]
[Black "Sejersen, Christian"]
[Result "0-1"]
[WhiteElo "1843"]
[BlackElo "1916"]
[WhiteFideId "1407155"]
[BlackFideId "1441060"]
[EventDate "2026.03.31"]
[EventType "swiss"]
[EventRounds "7"]
[EventCountry "DEN"]
[SourceTitle "Live v. Kasper Jerwiarz"]

1. d4 d5 2. Nc3 Bf5 3. f3 e6 4. Bf4 a6 5. g4 Bg6 6. h4 h5 7. g5 Nd7 8. e3 Bb4 9. Bd3 Ne7 10. Ne2 c5 11. Bxg6 Nxg6 12. a3 cxd4 13. exd4 Bxc3+ 14. bxc3 Nxf4 15. Nxf4 g6 16. Qd3 Qc7 17. Ne2 Nb6 18. a4 Nc4 19. O-O O-O 20. f4 Nd6 21. Ng3 Rac8 22. Ra3 Qa5 23. Qf3 Nc4 24. Nxh5 Nxa3 25. Nf6+ Kg7 26. h5 Rh8 27. Qg4 Qxc3 28. h6+ Kf8 29. f5 Qe3+ 30. Kh1 gxf5 31. Qh4 Rxc2 32. h7 Qe2 33. Qh6+ Ke7 34. Nxd5+ exd5 35. Qf6+ Kd7 36. Qxf7+ Qe7 37. Qxe7+ Kxe7 38. g6 Kf6 39. Rg1 Rc7 40. a5 Rg7 0-1

[Event "DM 2026 G7 B"]
[Site "Svendborg"]
[Date "2026.03.31"]
[Round "1.12"]
[White "Christensen, Michael"]
[Black "Bruntse, Kathrine Lindegaard"]
[Result "0-1"]
[WhiteElo "1872"]
[BlackElo "1928"]
[WhiteFideId "1463667"]
[BlackFideId "1472283"]
[EventDate "2026.03.31"]
[EventType "swiss"]
[EventRounds "7"]
[EventCountry "DEN"]
[SourceTitle "Live v. Kasper Jerwiarz"]

1. e4 c5 2. d4 cxd4 3. c3 dxc3 4. Nxc3 Nc6 5. Nf3 d6 6. Bc4 e6 7. O-O a6 8. Qe2 b5 9. Bb3 Be7 10. Rd1 Qc7 11. Bf4 Ne5 12. Rac1 Qb8 13. Nd4 Bd7 14. Be3 Nf6 15. h3 Qb7 16. f4 Nc6 17. e5 dxe5 18. Nxc6 Bxc6 19. fxe5 Ne4 20. Nxe4 Bxe4 21. Qg4 Bg6 22. h4 O-O 23. Bc2 Bxc2 24. Rxc2 Rfc8 25. Bh6 Bf8 26. Rcd2 Qb6+ 27. Kh1 Rd8 28. Be3 Qc7 29. Qf3 Rxd2 30. Rxd2 Rc8 31. Rf2 Qe7 32. Bg5 Qd7 33. Rd2 Qc7 34. Qd3 Qxe5 35. Re2 Qc7 36. Rd2 f6 37. Be3 Qg3 38. Rd1 Qxh4+ 39. Kg1 Qh5 40. Qd7 Qe8 41. Qa7 Ra8 42. Qb7 Qc8 43. Qe4 Bc5 44. b4 Bxe3+ 45. Qxe3 Qc6 46. Rc1 Qd5 47. Rc5 Qxa2 48. Qc3 Rd8 49. Rc8 Rxc8 50. Qxc8+ Kf7 51. Qc7+ Kg6 52. Qg3+ Kf5 53. Qf3+ Ke5 54. Qe3+ Kd5 55. Qf3+ Kd6 56. Qg3+ e5 57. Qxg7 Qb1+ 58. Kh2 Kd5 59. Qf7+ Kd4 60. Qxf6 Qxb4 61. Qf2+ Kd5 62. Qf7+ Kc6 63. Qe8+ Kd5 64. Qf7+ Kd4 65. Qxh7 e4 66. Qd7+ Kc4 67. Qe6+ Kd3 68. Qd5+ Ke3 69. Qg5+ Ke2 70. Qg4+ Kd3 71. Qd1+ Qd2 72. Qb3+ Ke2 73. Qe6 e3 74. Qg4+ Ke1 75. Qe4 b4 76. Qb1+ Ke2 77. Qe4 Qc3 78. Qf3+ Kd2 79. g3 e2 80. Qf2 Kd1 0-1

[Event "DM 2026 G7 B"]
[Site "Svendborg"]
[Date "2026.03.31"]
[Round "1.13"]
[White "Ringsmose, Christian"]
[Black "Christensen, Astrid Bigum"]
[Result "1-0"]
[WhiteElo "1886"]
[BlackElo "1836"]
[WhiteFideId "1451669"]
[BlackFideId "1476564"]
[EventDate "2026.03.31"]
[EventType "swiss"]
[EventRounds "7"]
[EventCountry "DEN"]
[SourceTitle "Live v. Kasper Jerwiarz"]

1. d4 Nf6 2. Nf3 e6 3. e3 d5 4. Bd3 c5 5. c3 Nc6 6. O-O Be7 7. dxc5 Bxc5 8. b4 Bd6 9. Nbd2 O-O 10. Bb2 a6 11. a4 Qc7 12. Rc1 Bd7 13. b5 axb5 14. axb5 Ne5 15. Nxe5 Bxe5 16. f4 Bd6 17. c4 Be7 18. Rf3 Ra2 19. Bxf6 Rxd2 20. Bxh7+ Kh8 21. Bxg7+ Kxg7 22. Rg3+ Bg5 23. Rxg5+ Kf6 24. Qxd2 1-0

[Event "DM 2026 G7 B"]
[Site "Svendborg"]
[Date "2026.03.31"]
[Round "1.14"]
[White "Rasmussen, Johnny Koust"]
[Black "Haakonsen, Magnus"]
[Result "1/2-1/2"]
[WhiteElo "1877"]
[BlackElo "1913"]
[WhiteFideId "1422383"]
[BlackFideId "1485261"]
[EventDate "2026.03.31"]
[EventType "swiss"]
[EventRounds "7"]
[EventCountry "DEN"]
[SourceTitle "Live v. Kasper Jerwiarz"]

1. e4 e5 2. Nf3 Nc6 3. Bc4 Nf6 4. d3 Bc5 5. c3 d6 6. Bb3 h6 7. Nbd2 O-O 8. h3 a6 9. a4 Ba7 10. O-O Ne7 11. d4 exd4 12. cxd4 Ng6 13. Re1 Re8 14. Bc2 c6 15. Nf1 Be6 16. Ng3 d5 17. e5 Nd7 18. Nf5 Bb8 19. Nh2 c5 20. f4 Bxf5 21. Bxf5 Ngf8 22. Be3 Ba7 23. Bc2 cxd4 24. Bxd4 Bxd4+ 25. Qxd4 Qb6 1/2-1/2

[Event "DM 2026 G7 B"]
[Site "Svendborg"]
[Date "2026.03.31"]
[Round "1.15"]
[White "Vehl, Tina"]
[Black "Emborg, Linus"]
[Result "1/2-1/2"]
[WhiteElo "1919"]
[BlackElo "1881"]
[WhiteFideId "1418262"]
[BlackFideId "1477285"]
[EventDate "2026.03.31"]
[EventType "swiss"]
[EventRounds "7"]
[EventCountry "DEN"]
[SourceTitle "Live v. Kasper Jerwiarz"]

1. e4 e6 2. d4 d5 3. Nc3 Nf6 4. Bg5 Bb4 5. e5 h6 6. Bd2 Bxc3 7. bxc3 Ne4 8. Bc1 c5 9. Qg4 Kf8 10. Qh3 cxd4 11. cxd4 Qa5+ 12. c3 Nc6 13. Ne2 b5 14. Qe3 b4 15. f3 Nxc3 16. Bb2 Nxe2 17. Kxe2 Ba6+ 18. Kf2 Ke7 19. Bd3 Rab8 20. Rhc1 Rhc8 21. Rc5 Qb6 22. Rac1 Bxd3 23. Qxd3 Nxe5 24. Qh7 Rxc5 25. dxc5 Qc7 26. Bd4 b3 27. axb3 Rxb3 28. Kg1 Nd3 29. Rd1 e5 30. Rxd3 Rxd3 31. Qxd3 exd4 32. Qxd4 a5 33. Qxd5 Qd7 34. Qe5+ Kf8 1/2-1/2

[Event "DM 2026 G7 B"]
[Site "Svendborg"]
[Date "2026.03.31"]
[Round "1.16"]
[White "Vo, Charlie"]
[Black "Knudsen, Joachim Holm"]
[Result "0-1"]
[WhiteElo "1838"]
[BlackElo "1896"]
[WhiteFideId "1477706"]
[BlackFideId "1425722"]
[EventDate "2026.03.31"]
[EventType "swiss"]
[EventRounds "7"]
[EventCountry "DEN"]
[SourceTitle "Live v. Kasper Jerwiarz"]

1. e4 c6 2. d4 d5 3. exd5 cxd5 4. Bd3 Nc6 5. c3 Nf6 6. Nf3 Bg4 7. h3 Bh5 8. O-O e6 9. Re1 Bd6 10. Nbd2 O-O 11. g4 Bg6 12. Bxg6 hxg6 13. Ne5 Qc7 14. f4 b5 15. Qf3 b4 16. a4 Rac8 17. Nf1 Na5 18. cxb4 Bxb4 19. Re2 Nc4 20. Nd3 Be7 21. b3 Qb6 22. Be3 Qxb3 23. Bf2 Ne4 24. h4 Nxf2 25. Rxf2 Qc3 26. Raa2 Qxd4 27. Kh2 Nd6 28. Rg2 Ne4 29. Nf2 Rc3 30. Qe2 Nxf2 31. Rxf2 Bd6 32. Kg1 Bc5 0-1

[Event "DM 2026 G7 B"]
[Site "Svendborg"]
[Date "2026.04.01"]
[Round "2.11"]
[White "Bruntse, Kathrine Lindegaard"]
[Black "Skytte, Torill"]
[Result "1/2-1/2"]
[WhiteElo "1928"]
[BlackElo "1903"]
[WhiteFideId "1472283"]
[BlackFideId "1503260"]
[EventDate "2026.03.31"]
[EventType "swiss"]
[EventRounds "7"]
[EventCountry "DEN"]
[SourceTitle "Live v. Kasper Jerwiarz"]

1. d4 d5 2. c4 c5 3. e3 dxc4 4. Bxc4 e6 5. Nf3 Nf6 6. O-O a6 7. a4 Nc6 8. Nc3 cxd4 9. exd4 Be7 10. h3 O-O 1/2-1/2

[Event "DM 2026 G7 B"]
[Site "Svendborg"]
[Date "2026.04.01"]
[Round "2.12"]
[White "Strachan, Christian C"]
[Black "Ringsmose, Christian"]
[Result "1-0"]
[WhiteElo "1867"]
[BlackElo "1886"]
[WhiteFideId "1417215"]
[BlackFideId "1451669"]
[EventDate "2026.03.31"]
[EventType "swiss"]
[EventRounds "7"]
[EventCountry "DEN"]
[SourceTitle "Live v. Kasper Jerwiarz"]

1. c4 e5 2. Nc3 d6 3. g3 f5 4. d3 Be7 5. Bg2 Nf6 6. e3 O-O 7. Nge2 c6 8. Bd2 a5 9. a3 Be6 10. Rc1 Na6 11. Qc2 d5 12. cxd5 cxd5 13. d4 e4 14. Nf4 Bf7 15. O-O Rc8 16. Qb1 Qd7 17. Rc2 h6 18. Rfc1 Nb8 19. Bf1 Nc6 20. Bb5 g5 21. Ng2 Qd8 22. Na4 Na7 23. Rxc8 Nxc8 24. b4 Nd6 25. Be2 b5 26. Nc5 a4 27. Ne1 Kg7 28. Nc2 h5 29. Rf1 g4 30. Ne1 Nh7 31. Ng2 Ng5 32. Nf4 Nc4 33. Bc1 Bd6 34. Nb7 Qd7 35. Nxd6 Nxd6 36. Bb2 Rh8 37. Ng2 Nf3+ 38. Bxf3 exf3 39. Nh4 Kf6 40. Rc1 Rc8 41. Rc5 Ne4 42. Rc2 Be8 43. Qc1 Rxc2 44. Qxc2 Qc6 45. Qxc6+ Bxc6 46. Kf1 Be8 47. Ke1 Bf7 48. Kf1 Bg8 49. Ke1 Bh7 50. Kf1 Nd6 51. Bc1 Ne4 52. Bb2 Ng5 53. Bc1 Ne6 54. Bb2 Kg5 55. Bc1 Bg8 56. Ke1 Kf6 57. Bb2 Bh7 58. Kd2 Ng5 59. Ke1 Nh3 60. Bc1 Ng1 61. Bb2 Ne2 62. Kd2 Kg5 63. Ke1 Kf6 64. Kd2 Bg8 65. Ke1 Be6 66. Kd2 Bf7 67. Ke1 Bg8 68. Kd2 Bh7 69. Ke1 Kg5 70. Kd2 f4 71. exf4+ Nxf4 72. Nxf3+ gxf3 73. gxf4+ Kg4 74. Ke3 Be4 75. Bc1 h4 76. Bd2 Kh3 77. f5 Kxh2 78. f6 Bg6 79. Kxf3 Bh5+ 80. Kf4 Kg2 81. Kg5 h3 82. Bf4 Be8 83. Kh6 h2 84. Bxh2 Kxh2 85. Kg7 Kg2 86. f7 Bxf7 87. Kxf7 Kf3 88. Ke6 Ke4 89. f4 Kxd4 90. f5 Kc3 1-0

[Event "DM 2026 G7 B"]
[Site "Svendborg"]
[Date "2026.04.01"]
[Round "2.13"]
[White "Knudsen, Joachim Holm"]
[Black "Sejersen, Christian"]
[Result "1/2-1/2"]
[WhiteElo "1896"]
[BlackElo "1916"]
[WhiteFideId "1425722"]
[BlackFideId "1441060"]
[EventDate "2026.03.31"]
[EventType "swiss"]
[EventRounds "7"]
[EventCountry "DEN"]
[SourceTitle "Live v. Kasper Jerwiarz"]

1. e4 c5 2. Nf3 d6 3. Bb5+ Bd7 4. Bxd7+ Nxd7 5. c3 Ngf6 6. Qe2 e6 7. d4 Be7 8. O-O Rc8 9. Bf4 O-O 10. Nbd2 cxd4 11. cxd4 Rc2 12. Qd3 Qc7 13. Nb3 Qc4 14. Qxc4 Rxc4 15. Rac1 Rfc8 16. Nfd2 Rxc1 17. Rxc1 Rxc1+ 18. Nxc1 d5 19. f3 Bb4 20. Ncb3 b6 21. h3 h5 22. Kf2 g6 1/2-1/2

[Event "DM 2026 G7 B"]
[Site "Svendborg"]
[Date "2026.04.01"]
[Round "2.14"]
[White "Haakonsen, Magnus"]
[Black "Lehd, Rasmus"]
[Result "1/2-1/2"]
[WhiteElo "1913"]
[BlackElo "1903"]
[WhiteFideId "1485261"]
[BlackFideId "1461206"]
[EventDate "2026.03.31"]
[EventType "swiss"]
[EventRounds "7"]
[EventCountry "DEN"]
[SourceTitle "Live v. Kasper Jerwiarz"]

1. e4 c5 2. Nf3 d6 3. d4 cxd4 4. Nxd4 g6 5. c4 Bg7 6. Nc3 Qb6 7. Nb3 Bxc3+ 8. bxc3 Be6 9. Bd3 Nd7 10. Nd4 Nc5 11. Nxe6 Nxe6 12. Be3 Qa5 13. Qb3 b6 14. Qb5+ Qxb5 15. cxb5 Nf6 16. f3 O-O 17. Kd2 Rac8 18. a4 Nc5 19. Bc2 Nb7 20. Rhb1 Na5 21. Bd3 Nd7 22. Rb4 Nc5 23. Bc2 Rc7 24. Bxc5 dxc5 25. Rbb1 Rd8+ 26. Ke2 Rcd7 27. Rd1 Rxd1 28. Rxd1 Rxd1 29. Bxd1 e5 30. g3 Kf8 31. f4 Ke7 32. Kf3 Ke6 33. h4 h5 34. Bc2 Kf6 35. Ke2 Nc4 36. Bb3 Na5 37. Bd5 1/2-1/2

[Event "DM 2026 G7 B"]
[Site "Svendborg"]
[Date "2026.04.01"]
[Round "2.15"]
[White "Hansen, Aksel"]
[Black "Vehl, Tina"]
[Result "0-1"]
[WhiteElo "1832"]
[BlackElo "1919"]
[WhiteFideId "1412213"]
[BlackFideId "1418262"]
[EventDate "2026.03.31"]
[EventType "swiss"]
[EventRounds "7"]
[EventCountry "DEN"]
[SourceTitle "Live v. Kasper Jerwiarz"]

1. d4 d5 2. Bf4 c5 3. Nf3 Nc6 4. e3 Nf6 5. c3 Qb6 6. Qb3 c4 7. Qxb6 axb6 8. Nbd2 b5 9. Be2 h6 10. O-O Bf5 11. Bc7 Rc8 12. Bb6 Nd7 13. Bc5 Nxc5 14. dxc5 e5 15. Nh4 Be6 16. b3 Bxc5 17. bxc4 bxc4 18. e4 b5 19. exd5 Bxd5 20. a4 bxa4 21. Rxa4 O-O 22. Bxc4 Bxc4 23. Nxc4 Rfd8 24. Ra6 Nb8 25. Ra5 Bxf2+ 26. Rxf2 Rxc4 27. Nf3 f6 28. Ra3 Rdc8 29. Rc2 Nd7 30. g3 Nb6 31. Nd2 R4c6 32. Kf2 Kf7 33. c4 Nxc4 34. Ra7+ Kg8 35. Nf3 Nd6 36. Rxc6 Rxc6 37. Ra2 Rc7 38. h4 Ne4+ 39. Kg2 Kf7 40. h5 Rd7 41. Re2 Ng5 42. Nh4 Ra7 43. Nf5 Rd7 44. Ra2 Ne6 45. Ra8 Nd4 46. Nh4 Ke6 47. Ng6 Kd5 48. Ra1 Rb7 49. Ra2 Ke4 50. Nh4 Rc7 51. Kh3 Ne6 52. Ra4+ Kd3 53. Nf5 e4 54. g4 Rc3 55. Ra6 Nf4+ 56. Kg3 Ne2+ 57. Kf2 Nd4 58. Rd6 Rc2+ 59. Kf1 Rc4 60. Rd7 e3 61. Nxe3 Kxe3 62. Rxg7 Kf3 63. Ke1 f5 0-1

[Event "DM 2026 G7 B"]
[Site "Svendborg"]
[Date "2026.04.01"]
[Round "2.16"]
[White "Emborg, Linus"]
[Black "Hansen, Erik Olsgaard"]
[Result "0-1"]
[WhiteElo "1881"]
[BlackElo "1938"]
[WhiteFideId "1477285"]
[BlackFideId "1416170"]
[EventDate "2026.03.31"]
[EventType "swiss"]
[EventRounds "7"]
[EventCountry "DEN"]
[SourceTitle "Live v. Kasper Jerwiarz"]

1. e4 d6 2. d4 Nf6 3. Bd3 Nbd7 4. Nf3 e5 5. c3 Be7 6. O-O O-O 7. Re1 Re8 8. Nbd2 a6 9. a4 Bf8 10. Nf1 h6 11. Ng3 g6 12. Bc4 exd4 13. cxd4 Nb6 14. Ba2 Be6 15. Bxe6 Rxe6 16. Qb3 a5 17. Bd2 Nfd7 18. Bc3 Bg7 19. Rac1 Re8 20. e5 d5 21. Bd2 Ra7 22. Rc3 Nf8 23. Qc2 Ne6 24. b3 Nd7 25. Ne2 Bf8 26. Rc1 Ba3 27. Rd1 Bb4 28. Rd3 Bxd2 29. Qxd2 Kg7 30. Nf4 Ndf8 31. Ne1 Nxf4 32. Qxf4 Ne6 33. Qc1 Qg5 34. Qc3 Nf4 35. Re3 c6 36. g3 Qg4 37. Rd2 Nh3+ 38. Kf1 Ng5 39. f3 Qd7 40. Nd3 Ne6 41. f4 Rc8 42. Rf2 b6 43. Ref3 c5 44. dxc5 bxc5 45. f5 gxf5 46. Rxf5 d4 47. Qc1 Qd5 48. Kg1 Qe4 49. Rh5 Ng5 50. h4 Rc6 51. hxg5 Qxd3 52. gxh6+ Kh7 53. Rg5 Rxh6 54. Qf4 Qb1+ 55. Rf1 Qxb3 56. Qf5+ Rg6 57. Rxg6 fxg6 58. Qh3+ Kg7 59. e6 Qe3+ 60. Rf2 Re7 61. Qf1 Rxe6 62. Kg2 Qe4+ 63. Kh2 Qb7 64. Qc4 Qc6 65. Rc2 g5 66. Qxc5 Re2+ 0-1

[Event "DM 2026 G7 B"]
[Site "Svendborg"]
[Date "2026.04.02"]
[Round "3.11"]
[White "Vehl, Tina"]
[Black "Strachan, Christian C"]
[Result "1-0"]
[WhiteElo "1919"]
[BlackElo "1867"]
[WhiteFideId "1418262"]
[BlackFideId "1417215"]
[EventDate "2026.03.31"]
[EventType "swiss"]
[EventRounds "7"]
[EventCountry "DEN"]
[SourceTitle "Live v. Kasper Jerwiarz"]

1. e4 e6 2. d4 d5 3. Nc3 Nf6 4. Bg5 Bb4 5. e5 h6 6. Bd2 Bxc3 7. bxc3 Ne4 8. Bc1 c5 9. Ne2 cxd4 10. cxd4 Qa5+ 11. c3 Nc6 12. Qb3 Bd7 13. f3 Ng5 14. h4 Nh7 15. Bd2 b5 16. g4 O-O 17. g5 h5 18. Ng3 g6 19. Qxb5 Rab8 20. Qd3 Rb2 21. a4 Rfb8 22. Nxh5 Ne7 23. Nf6+ Nxf6 24. gxf6 Nf5 25. f4 Bb5 26. Qh3 Bxf1 27. Rxf1 Nxd4 28. Rd1 Nc2+ 29. Kf2 Qb6+ 30. Kf3 d4 31. Kg4 Qc6 32. Rf3 Qe4 33. Rg1 Ne3+ 34. Bxe3 dxe3 35. Rxe3 Qf5+ 36. Kg3 Qc2 37. Rg2 Qc1 38. Rf3 Rxg2+ 39. Qxg2 Rb2 40. Qf1 Qd2 41. Qf2 Qc1 42. Qf1 Qd2 43. Qg1 Rc2 44. h5 Rxc3 45. hxg6 Rxf3+ 46. Kxf3 Qd3+ 47. Qe3 Qxg6 48. Qxa7 Qh5+ 49. Ke3 Qh3+ 50. Kd4 Qg2 51. Qb8+ Kh7 52. Qb1+ Kg8 53. Qe4 Qd2+ 54. Kc4 Qc1+ 55. Kb5 Qb2+ 56. Ka6 Qf2 57. a5 Qf1+ 58. Kb7 Qb5+ 59. Kc8 Qc5+ 60. Kb8 Qf8+ 61. Kb7 Qb4+ 62. Qxb4 1-0

[Event "DM 2026 G7 B"]
[Site "Svendborg"]
[Date "2026.04.02"]
[Round "3.12"]
[White "Sejersen, Christian"]
[Black "Bruntse, Kathrine Lindegaard"]
[Result "0-1"]
[WhiteElo "1916"]
[BlackElo "1928"]
[WhiteFideId "1441060"]
[BlackFideId "1472283"]
[EventDate "2026.03.31"]
[EventType "swiss"]
[EventRounds "7"]
[EventCountry "DEN"]
[SourceTitle "Live v. Kasper Jerwiarz"]

1. Nf3 d5 2. g3 Nf6 3. Bg2 c5 4. O-O e6 5. d3 Nc6 6. Nbd2 Be7 7. e4 O-O 8. Re1 d4 9. e5 Nd5 10. h4 f6 11. exf6 gxf6 12. Ne4 Rf7 13. c3 e5 14. Bd2 Bg4 15. Qc2 Rc8 16. cxd4 cxd4 17. Qb3 Qd7 18. Rac1 Be6 19. Qa4 Ndb4 20. Bxb4 Nxb4 21. Qxd7 Bxd7 22. Rxc8+ Bxc8 23. Rc1 Bf5 24. Ne1 Nxa2 25. Nc5 Nxc1 0-1

[Event "DM 2026 G7 B"]
[Site "Svendborg"]
[Date "2026.04.02"]
[Round "3.13"]
[White "Skytte, Torill"]
[Black "Knudsen, Joachim Holm"]
[Result "0-1"]
[WhiteElo "1903"]
[BlackElo "1896"]
[WhiteFideId "1503260"]
[BlackFideId "1425722"]
[EventDate "2026.03.31"]
[EventType "swiss"]
[EventRounds "7"]
[EventCountry "DEN"]
[SourceTitle "Live v. Kasper Jerwiarz"]

1. e4 c6 2. d4 d5 3. Nc3 dxe4 4. Nxe4 Nf6 5. Nxf6+ exf6 6. Bd3 Qxd4 7. Nf3 Qd5 8. O-O Be7 9. Re1 Be6 10. Bf4 O-O 11. Nd4 Bc5 12. Nxe6 fxe6 13. Qg4 f5 14. Qh5 Nd7 15. Rad1 Nf6 16. Qe2 Rae8 17. Qf1 Qd4 18. Be5 Qh4 19. Bg3 Qg4 20. Be2 Qg5 21. Bd6 Bxd6 22. Rxd6 Ne4 23. f4 Qe7 24. Rd3 Qc5+ 25. Kh1 Nf2+ 26. Kg1 Nxd3+ 27. Kh1 Nxe1 28. Qxe1 e5 29. b3 b5 30. c4 a6 31. Qf1 exf4 32. h3 Qe3 33. Bh5 Qe1 0-1

[Event "DM 2026 G7 B"]
[Site "Svendborg"]
[Date "2026.04.02"]
[Round "3.14"]
[White "Hansen, Erik Olsgaard"]
[Black "Rasmussen, Johnny Koust"]
[Result "1-0"]
[WhiteElo "1938"]
[BlackElo "1877"]
[WhiteFideId "1416170"]
[BlackFideId "1422383"]
[EventDate "2026.03.31"]
[EventType "swiss"]
[EventRounds "7"]
[EventCountry "DEN"]
[SourceTitle "Live v. Kasper Jerwiarz"]

1. e4 e5 2. Nf3 Nc6 3. Nc3 Nf6 4. d4 exd4 5. Nxd4 d6 6. Be3 Be7 7. f3 O-O 8. Qd2 Ne5 9. O-O-O d5 10. exd5 Nxd5 11. Nxd5 Qxd5 12. Nb3 Qxd2+ 13. Rxd2 Bd6 14. Bc5 Bxc5 15. Nxc5 b6 16. Ne4 Be6 17. Be2 h6 18. b3 c5 19. f4 Nc6 20. c3 a5 21. Bb5 Ne7 22. Kb2 Rfd8 23. Rhd1 Rxd2+ 24. Rxd2 Kf8 25. h3 Nd5 26. Bc6 Rd8 27. c4 Bf5 28. Rxd5 Rc8 29. Nd6 Rxc6 30. Nxf5 f6 31. Rd6 1-0

[Event "DM 2026 G7 B"]
[Site "Svendborg"]
[Date "2026.04.02"]
[Round "3.15"]
[White "Kokholm, Daniel"]
[Black "Haakonsen, Magnus"]
[Result "0-1"]
[WhiteElo "1843"]
[BlackElo "1913"]
[WhiteFideId "1407155"]
[BlackFideId "1485261"]
[EventDate "2026.03.31"]
[EventType "swiss"]
[EventRounds "7"]
[EventCountry "DEN"]
[SourceTitle "Live v. Kasper Jerwiarz"]

1. d4 Nf6 2. Nc3 d5 3. Bf4 e6 4. Nb5 Bb4+ 5. c3 Ba5 6. e3 O-O 7. a4 c6 8. Na3 Nbd7 9. Bd3 Bc7 10. Nf3 g6 11. h4 Re8 12. h5 Nxh5 13. Rxh5 gxh5 14. Bxh7+ Kxh7 15. Ng5+ Kg6 16. Nxf7 Qf6 17. Bxc7 Qxf7 18. g4 Kh7 19. gxh5 Rg8 20. Bg3 Nf6 21. Qd3+ Ne4 22. O-O-O Qf5 0-1

[Event "DM 2026 G7 B"]
[Site "Svendborg"]
[Date "2026.04.02"]
[Round "3.16"]
[White "Ringsmose, Christian"]
[Black "Lehd, Rasmus"]
[Result "1-0"]
[WhiteElo "1886"]
[BlackElo "1903"]
[WhiteFideId "1451669"]
[BlackFideId "1461206"]
[EventDate "2026.03.31"]
[EventType "swiss"]
[EventRounds "7"]
[EventCountry "DEN"]
[SourceTitle "Live v. Kasper Jerwiarz"]

1. d4 Nf6 2. Nf3 d5 3. e3 Bg4 4. h3 Bxf3 5. Qxf3 e6 6. Bd3 Nbd7 7. O-O c5 8. c3 cxd4 9. cxd4 Bd6 10. Nc3 O-O 11. Re1 Rc8 12. Bd2 a6 13. e4 dxe4 14. Nxe4 Qb6 15. Rad1 Nxe4 16. Qxe4 Nf6 17. Qh4 Rfd8 18. Bg5 Be7 19. d5 h6 20. Bxf6 Bxf6 21. Qe4 e5 22. Qh7+ Kf8 23. d6 Qxd6 24. Be2 Qc7 25. Bd3 Qb6 26. Kh1 Qxf2 27. Rf1 Qb6 28. Kh2 Ke7 29. Rde1 Qd6 30. Be4 b5 31. Rf3 Rc4 32. Rfe3 Kd7 33. b3 Rd4 34. Qf5+ Kc7 35. Rc1+ Kb8 36. Rc6 1-0

[Event "DM 2026 G7 B"]
[Site "Svendborg"]
[Date "2026.04.03"]
[Round "4.11"]
[White "Bruntse, Kathrine Lindegaard"]
[Black "Hansen, Erik Olsgaard"]
[Result "1/2-1/2"]
[WhiteElo "1928"]
[BlackElo "1938"]
[WhiteFideId "1472283"]
[BlackFideId "1416170"]
[EventDate "2026.03.31"]
[EventType "swiss"]
[EventRounds "7"]
[EventCountry "DEN"]
[SourceTitle "Live v. Kasper Jerwiarz"]

1. d4 d6 2. c4 Nf6 3. Nc3 Nbd7 4. e4 e5 5. Nf3 exd4 6. Nxd4 g6 7. Be2 Bg7 8. Be3 Nc5 9. f3 Ne6 10. O-O O-O 11. Qd2 Nxd4 12. Bxd4 Be6 13. Rad1 Nd7 14. Bxg7 Kxg7 15. Qd4+ Qf6 16. Qxf6+ Nxf6 17. Nb5 Rfc8 18. Rd2 Nd7 19. b3 a6 20. Nd4 Re8 21. Bd3 f6 22. Bb1 Bf7 23. g3 Nb6 24. Ne2 Re7 25. Kf2 Rae8 26. Rc1 Nd7 27. Nf4 Rc8 28. Nd5 Ree8 29. Ne3 Be6 30. Rcd1 a5 31. a3 Nc5 32. Bc2 b6 33. Nd5 Nd7 34. Nf4 Bf7 1/2-1/2

[Event "DM 2026 G7 B"]
[Site "Svendborg"]
[Date "2026.04.03"]
[Round "4.12"]
[White "Knudsen, Joachim Holm"]
[Black "Vehl, Tina"]
[Result "0-1"]
[WhiteElo "1896"]
[BlackElo "1919"]
[WhiteFideId "1425722"]
[BlackFideId "1418262"]
[EventDate "2026.03.31"]
[EventType "swiss"]
[EventRounds "7"]
[EventCountry "DEN"]
[SourceTitle "Live v. Kasper Jerwiarz"]

1. d4 d5 2. c4 dxc4 3. e4 e5 4. Nf3 exd4 5. Bxc4 Nc6 6. O-O Be6 7. Bb5 Bc5 8. b4 Bb6 9. a4 a6 10. Bxc6+ bxc6 11. a5 Ba7 12. Bb2 Bg4 13. h3 Bxf3 14. Qxf3 Ne7 15. Qd3 c5 16. Qxa6 cxb4 17. Qb5+ c6 18. Qxb4 O-O 19. Rd1 c5 20. Qc4 Nc6 21. a6 Re8 22. Nd2 Ne5 23. Qf1 Qb6 24. Rdb1 Qe6 25. f4 Nc6 26. Rc1 Nb4 27. Kh1 f5 28. e5 Nd5 29. Nc4 Rab8 30. Ba3 Rb3 31. Nd6 Ne3 32. Qf2 Reb8 33. Ra2 Qd5 34. Nb7 c4 35. Bd6 Rc8 36. Ra5 Rb5 37. Rxb5 Qxb5 38. e6 Qxa6 39. Qb2 Qc6 40. Ra1 c3 41. Qa2 Kh8 42. Nc5 c2 43. Qxc2 Nxc2 44. Rxa7 Qxd6 45. Rd7 Qxc5 46. e7 Re8 47. h4 h5 0-1

[Event "DM 2026 G7 B"]
[Site "Svendborg"]
[Date "2026.04.03"]
[Round "4.13"]
[White "Haakonsen, Magnus"]
[Black "Ringsmose, Christian"]
[Result "0-1"]
[WhiteElo "1913"]
[BlackElo "1886"]
[WhiteFideId "1485261"]
[BlackFideId "1451669"]
[EventDate "2026.03.31"]
[EventType "swiss"]
[EventRounds "7"]
[EventCountry "DEN"]
[SourceTitle "Live v. Kasper Jerwiarz"]

1. e4 c6 2. d4 d5 3. e5 Bf5 4. Nf3 e6 5. Be2 a5 6. O-O a4 7. c4 dxc4 8. Bxc4 Nd7 9. Nc3 Nb6 10. Bd3 Bxd3 11. Qxd3 Qd7 12. Rd1 h6 13. h4 Ne7 14. Ne4 Ned5 15. a3 Be7 16. Bd2 Nc8 17. Rac1 b5 18. Nc5 Bxc5 19. Rxc5 Ncb6 20. Bc1 Rd8 21. g3 Ne7 22. Bd2 Nf5 23. Ba5 Rb8 24. Bxb6 Rxb6 25. g4 Ne7 26. Nd2 Ng6 27. h5 Ne7 28. Ne4 O-O 29. Qd2 Qd8 30. Rc3 Nd5 31. Rg3 Qh4 32. Kg2 Qd8 33. g5 Kh7 34. gxh6 gxh6 35. Rg1 Qh4 36. Kf1 Qxh5 37. Qd3 Qf5 38. Nf6+ Nxf6 39. Qxf5+ exf5 40. exf6 c5 41. dxc5 Rxf6 42. Rc3 Rc8 43. Ke2 Rfc6 44. Rgc1 Kg6 45. Kf3 Kf6 46. Kf4 Rd8 47. Rh1 Rd4+ 48. Ke3 Re4+ 49. Kd3 Ke5 50. Rhc1 Rd4+ 51. Ke3 Kd5 52. Rh1 Rc4 53. Rxc4 bxc4 54. Rh5 Re6+ 55. Kf4 Kxc5 56. Rxf5+ Kd4 57. Kf3 Rb6 58. Ra5 Rb3+ 59. Kg2 Rxb2 60. Rxa4 Kd3 61. Kf3 c3 62. Ra7 Rd2 0-1